<?xml version="1.0" encoding="UTF-8"?>
<record
    xmlns:xsi="http://www.w3.org/2001/XMLSchema-instance"
    xsi:schemaLocation="http://www.loc.gov/MARC21/slim http://www.loc.gov/standards/marcxml/schema/MARC21slim.xsd"
    xmlns="http://www.loc.gov/MARC21/slim">

  <leader>01110nam a2200133Ia 4500</leader>
  <controlfield tag="008">171212s9999    xx            000 0 und d</controlfield>
  <datafield tag="020" ind1=" " ind2=" ">
    <subfield code="a">9780833082190</subfield>
  </datafield>
  <datafield tag="100" ind1=" " ind2=" ">
    <subfield code="a">Heginbotham, Eric;Nixon, Michael;Morgan, Forrest E.;Heim, Jacob L.;Hagen, Jeff;Li, Sheng;Engstrom, Jeffrey;Libicki, Martin C.;DeLuca, Paul;Shlapak, David A.;Frelinger, David R.;Laird, Burgess;Brady, Kyle;Morris, Lyle J.</subfield>
  </datafield>
  <datafield tag="245" ind1=" " ind2=" ">
    <subfield code="c">Heginbotham, Eric;Nixon, Michael;Morgan, Forrest E.;Heim, Jacob L.;Hagen, Jeff;Li, Sheng;Engstrom, Jeffrey;Libicki, Martin C.;DeLuca, Paul;Shlapak, David A.;Frelinger, David R.;Laird, Burgess;Brady, Kyle;Morris, Lyle J.</subfield>
    <subfield code="a">The U.S.-China Military Scorecard</subfield>
    <subfield code="b">Forces, Geography, and the Evolving Balance of Power, 1996&#x2013;2017</subfield>
  </datafield>
  <datafield tag="260" ind1=" " ind2=" ">
    <subfield code="b">RAND Corporation</subfield>
    <subfield code="c">2015</subfield>
  </datafield>
  <datafield tag="650" ind1=" " ind2=" ">
    <subfield code="a">China -- Strategic aspects; China -- Military policy; United States -- Military policy; Spratly Islands -- Strategic aspects; Taiwan -- Strategic aspects; National security -- China; National security -- United States; National security -- Pacific Area; C</subfield>
  </datafield>
  <datafield tag="650" ind1=" " ind2=" ">
    <subfield code="a">History</subfield>
  </datafield>
  <datafield tag="856" ind1=" " ind2=" ">
    <subfield code="u">http://jstor.org/stable/10.7249/j.ctt17rw5gb</subfield>
  </datafield>
  <datafield tag="999" ind1=" " ind2=" ">
    <subfield code="c">352731</subfield>
    <subfield code="d">352731</subfield>
  </datafield>
  <datafield tag="952" ind1=" " ind2=" ">
    <subfield code="0">0</subfield>
    <subfield code="1">0</subfield>
    <subfield code="4">0</subfield>
    <subfield code="a">CL</subfield>
    <subfield code="b">CL</subfield>
    <subfield code="d">2017-12-12</subfield>
    <subfield code="l">0</subfield>
    <subfield code="o">UA835.H427 2015</subfield>
    <subfield code="r">2017-12-12 00:00:00</subfield>
    <subfield code="w">2017-12-12</subfield>
    <subfield code="y">CBE</subfield>
  </datafield>
</record>
